000 00809nam a22002777a 4500
003 CHAP
005 20220329135941.0
008 971013s r 00010 d
010 _a44575
011 _a45547
035 _a49686
040 _cCHAP
082 _a591.4
_bT4
100 0 0 _aTéllez y López, Juan.
_9113574
245 _aManual de anatomía descriptiva
260 _aMadrid :
_bBailly-Bailliére,
_c(s.a.)
300 _a290 p.
590 _aBATCH-UPD
_b10
_c20130110
_lUCH01
_h2226
590 _aBATCH-UPD
_b10
_c20130410
_lUCH01
_h1523
590 _aBATCH-UPD
_b10
_c20130914
_lUCH01
_h0324
590 _aCONVERSION
_b10
_c20130109
_lUCH01
_h1324
650 1 4 _aAnatomía comparada.
_95494
901 _aBK
942 _cLIBRO
949 _a591.4 T4
_bBC
_cLIBRO
_d-111976
_eLIBRO
_fc.2
_h4222
_i49686
_si
999 _c44575
_d44575